|
|
|
|
| LEADER |
01280nam a2200277 a 4500 |
| 001 |
4156507 |
| 008 |
090909s1978 enk b 101 0 eng d |
| 010 |
|
|
|a 78040283
|
| 020 |
|
|
|a 0080222455 :
|c £17.50 ($35.00).
|
| 020 |
|
|
|a 0080230075
|b pbk. :
|c £5.00 ($10.00)
|
| 040 |
|
|
|a DLC
|c DLC
|d DLC
|
| 082 |
0 |
0 |
|a 374
|2 18
|
| 111 |
2 |
|
|a International Conference on Adult Education and Development,
|c Dar es Salaam,
|d 1976.
|
| 245 |
1 |
0 |
|a Adult learning, a design for action :
|b a comprehensive international survey /
|c edited by B. L. Hall and J. R. Kidd.
|
| 260 |
|
|
|a Oxford ;
|a New York :
|b Pergamon Press,
|c 1978.
|
| 300 |
|
|
|a vii, 337 p. ;
|c 22 cm.
|
| 504 |
|
|
|a Includes bibliographical references and index.
|
| 541 |
1 |
|
|e 00002298
|
| 500 |
|
|
|a Conference held under the auspices of the International Council for Adult Education.
|
| 650 |
|
0 |
|a Adult education
|x Congresses.
|
| 700 |
1 |
|
|a Hall, Budd L.
|
| 700 |
1 |
|
|a Kidd, J. R.
|q (James Robbins),
|d 1915-1982.
|
| 710 |
2 |
|
|a International Council for Adult Education.
|
| 852 |
4 |
|
|a Ayesha Abed Library
|j General Shelf.
|
| 999 |
|
|
|c 4019
|d 4019
|
| 952 |
|
|
|0 0
|1 0
|2 ddc
|4 0
|6 374_HAL_197800000000000
|7 0
|8 NFIC
|9 3702
|a BRACUL
|b BRACUL
|c GEN
|d 2009-10-01
|g 0.00
|l 0
|o 374 HAL
|p 3010002298
|r 2009-10-01
|t 1
|w 2009-10-01
|y BK
|x No price found in the accession register.
|